Paleodemography and population biology studies relating to the Marvele burial ground 2nd-7th centuries AD /

Elmentve itt :
Bibliográfiai részletek
Szerzők: Jankauskas Rimantas
Urbanavičius Agnius
Dokumentumtípus: Cikk
Megjelent: 1997
Sorozat:Acta biologica 42 No. 1-4
Kulcsszavak:Természettudomány, Biológia
Online Access:http://acta.bibl.u-szeged.hu/22257
LEADER 00726nab a2200193 i 4500
001 acta22257
005 20210526105347.0
008 161015s1997 hu o 0|| eng d
022 |a 0563-0592 
040 |a SZTE Egyetemi Kiadványok Repozitórium  |b hun 
041 |a eng 
100 1 |a Jankauskas Rimantas 
245 1 0 |a Paleodemography and population biology studies relating to the Marvele burial ground   |h [elektronikus dokumentum] :  |b 2nd-7th centuries AD /  |c  Jankauskas Rimantas 
260 |c 1997 
300 |a 67-73 
490 0 |a Acta biologica  |v 42 No. 1-4 
695 |a Természettudomány, Biológia 
700 0 1 |a Urbanavičius Agnius  |e aut 
856 4 0 |u http://acta.bibl.u-szeged.hu/22257/1/biologica_042_067-073.pdf  |z Dokumentum-elérés